000 00675nam a2200205 i 4500
001 38732
003 ES-MaACL
005 20250822063116.0
007 t|
008 030226s1948 ag ||||1| spa d
100 1 _aCalmette, Joseph,
_d1873-1952
_933767
245 1 0 _aCarlomagno
_b: su vida y su obra /
_cJoseph Calmette ; [traducido por Delia L. Isola].
260 _aBuenos Aires :
_bArgos,
_c[1948] (
_fLópez)
300 _a299 p. ;
_c21 cm.
600 0 4 _aCarlomagno,
_cEmperador
_935288
651 4 _aFrancia-
_xHistoria-
_y687-987, Carolingios.
_98699
700 1 _aIsola, Delia L.
_965585
852 _aES-MaACL
_jB-12792
_bR.29405
999 _c38732
_d38732